00573nam a2200169Ia 4500008004100000100001900041245006200060245004100122260003900163260000900202300000800211650001800219650001500237856005900252999001900311952007300330170221s9999 xx 000 0 und d aNdoma J. Brown aMorphology of Pictorial News: The Chameleonic Attributes  cNdoma J. Brown, Chris Chimdubem Ngwu bStudies in Media and Communication c2012 a9 : xCommunication xMedia Arts uhttp://redfame.com/journal/index.php/smc/issue/view/31 c308964d308964 001040aCLbCLd2017-02-21l0r2017-02-21 00:00:00w2017-02-21yFOJ